书目信息 |
| 题名: |
艺术与精神分析
|
|
| 作者: | 斯佩克特 著 ;高建平 译 | |
| 分册: | ||
| 出版信息: | 北京 文化艺术出版社 1990.02 |
|
| 页数: | 256页 | |
| 开本: | 20cm | |
| 丛书名: | ||
| 单 册: | ||
| 中图分类: | B521 | |
| 科图分类: | ||
| 主题词: | 哲学--欧洲 | |
| 电子资源: | ||
| ISBN: | 7-5039-0522-0 | |
| 000 | 00705nam0 2200217 45 | |
| 001 | 0110310901 | |
| 005 | 20040422091856.5 | |
| 010 | @a7-5039-0522-0@dCNY13.60 | |
| 100 | @a20011031d1990 km y0chiy0120 ea | |
| 101 | 0 | @achi |
| 105 | @a z 000yy | |
| 200 | 1 | @a艺术与精神分析@AYi Shu Yu Jing Shen Fen Xi@e论弗洛伊德的美学@ELun Fu Luo Yi De De Mei Xue@f(美)斯佩克特著@F(Mei)Si Pei Ke Te Zhu@g高建平译 |
| 210 | @a北京@c文化艺术出版社@d1990.02 | |
| 215 | @a256页@d20cm | |
| 517 | @a论弗洛伊德的美学@ALun Fu Luo Yi De De Mei Xue | |
| 606 | 0 | @a哲学@x欧洲 |
| 690 | @aB521@v4 | |
| 701 | @a斯佩克特@4著 | |
| 702 | 0 | @a高建平@AGao Jian Ping@4译 |
| 801 | @aCN@bTSTC@c20011031 | |
| 905 | @dB521@e15@f1@b300352 | |
| 艺术与精神分析:论弗洛伊德的美学/(美)斯佩克特著/高建平译.-北京:文化艺术出版社,1990.02 |
| 256页;20cm |
| ISBN 7-5039-0522-0:CNY13.60 |
| ● |
| 相关链接 |
|
|
|
|
正题名:艺术与精神分析
索取号:B521/15
 
预约/预借
| 序号 | 登录号 | 条形码 | 馆藏地/架位号 | 状态 | 备注 |
| 1 | 0300351 | 203003515 | 第一借阅区/ [索取号:B521/15] | 在馆 | |
| 2 | 0300352 | 203003524 | 第一借阅区/ [索取号:B521/15] | 在馆 | |
| 3 | 0300353 | 203003533 | 第一借阅区/ [索取号:B521/15] | 在馆 | |
| 4 | 0300354 | 203003542 | 第一借阅区/ [索取号:B521/15] | 在馆 | |
| 5 | 0300355 | 203003551 | 第一样本阅览室/ [索取号:B521/15] | 在馆 |